المحكم والمحيط الاعظم فى اللغة / (رقم التسجيلة. 178503)

تفاصيل مارك
000 -LEADER
fixed length control field 01316namaa22003131i 4500
003 - CONTROL NUMBER IDENTIFIER
control field EG-GICUC
005 - DATE AND TIME OF LATEST TRANSACTION
control field 20260215144145.0
008 - FIXED-LENGTH DATA ELEMENTS--GENERAL INFORMATION
fixed length control field 260215m19581973ua ||||jr|||d 00| 0 ara d
040 ## - CATALOGING SOURCE
Original cataloging agency EG-GiCUC
Language of cataloging ara
Transcribing agency EG-GiCUC
Modifying agency EG-GiCUC
Description conventions rda
082 04 - DEWEY DECIMAL CLASSIFICATION NUMBER
Edition number 21
Classification number 413
Item number S5681
092 04 - LOCALLY ASSIGNED DEWEY CALL NUMBER (OCLC)
Edition number 21
Classification number 413
Item number S5681
099 ## - LOCAL FREE-TEXT CALL NUMBER (OCLC)
Classification number 413 S5681 1958-1973
100 1# - MAIN ENTRY--PERSONAL NAME
Personal name ابن سيدة، على بن اسماعيل،
Dates associated with a name 1007-1066
Relator term مؤلف.
245 12 - TITLE STATEMENT
Title المحكم والمحيط الاعظم فى اللغة /
Statement of responsibility, etc. تأليف على بن اسماعيل بن سيده ؛ تحقيق مصطفى السقا، دكتور حسين نصار
250 ## - EDITION STATEMENT
Edition statement الطبعة الاولى
264 ## - PRODUCTION, PUBLICATION, DISTRIBUTION, MANUFACTURE, AND COPYRIGHT NOTICE
Place of production, publication, distribution, manufacture القاهرة (مصر) :
Name of producer, publisher, distributor, manufacturer معهد المخطوطات،
Date of production, publication, distribution, manufacture, or copyright notice 1958-1973
300 ## - PHYSICAL DESCRIPTION
Extent ؛ 7 مجلدات
Other physical details .
Dimensions 24 سم
336 ## - CONTENT TYPE
Source rdacontent
Content type term text
337 ## - MEDIA TYPE
Source rdamedia
Media type term Unmediated
338 ## - CARRIER TYPE
Source rdacarrier
Carrier type term volume
504 ## - BIBLIOGRAPHY, ETC. NOTE
Bibliography, etc. note يشتمل على ارجاعات ببليوجرافية
541 ## - IMMEDIATE SOURCE OF ACQUISITION NOTE
Source of acquisition د. جابر عصفور ؛
Address القاهرة ؛
Method of acquisition إهداء ؛
Date of acquisition 2024.
650 17 - SUBJECT ADDED ENTRY--TOPICAL TERM
Topical term or geographic name entry element اللغة العربية
Form subdivision الاعمال الاولية حتى 1800
General subdivision معاجم
-- عربى
Source of heading or term qrmak
651 1# - SUBJECT ADDED ENTRY--GEOGRAPHIC NAME
Source of heading or term qrmak
700 1# - ADDED ENTRY--PERSONAL NAME
Personal name السقا، مصطفى
Relator term محقق.
700 1# - ADDED ENTRY--PERSONAL NAME
Personal name نصار، حسين
Relator term محقق.
905 ## - Cataloger and Reviser Names
Cataloger Name Huda
942 ## - ADDED ENTRY ELEMENTS (KOHA)
Source of classification or shelving scheme Dewey Decimal Classification
Koha item type Books
Edition 21
Suppress in OPAC No
المقتنيات
Withdrawn status Lost status Source of classification or shelving scheme Damaged status Not for loan Home library Current library Date acquired Inventory number Total checkouts Full call number Barcode Date last seen Price effective from Koha item type
    Dewey Decimal Classification   Not for loan المكتبة المركزبة الجديدة - جامعة القاهرة قاعة المكتبات المهداة - الدور الرابع 15.02.2026 175109   413 S5681 1958-1973 v.1 Ref J.U. 01000100175109001 15.02.2026 15.02.2026 Reference
    Dewey Decimal Classification   Not for loan المكتبة المركزبة الجديدة - جامعة القاهرة قاعة المكتبات المهداة - الدور الرابع 15.02.2026 175109   413 S5681 1958-1973 v.2 Ref J.U. 01000100175109002 15.02.2026 15.02.2026 Reference
    Dewey Decimal Classification   Not for loan المكتبة المركزبة الجديدة - جامعة القاهرة قاعة المكتبات المهداة - الدور الرابع 15.02.2026 175109   413 S5681 1958-1973 v.3 Ref J.U. 01000100175109003 15.02.2026 15.02.2026 Reference
    Dewey Decimal Classification   Not for loan المكتبة المركزبة الجديدة - جامعة القاهرة قاعة المكتبات المهداة - الدور الرابع 15.02.2026 175109   413 S5681 1958-1973 v.4 Ref J.U. 01000100175109004 15.02.2026 15.02.2026 Reference
    Dewey Decimal Classification   Not for loan المكتبة المركزبة الجديدة - جامعة القاهرة قاعة المكتبات المهداة - الدور الرابع 15.02.2026 175109   413 S5681 1958-1973 v.5 Ref J.U. 01000100175109005 15.02.2026 15.02.2026 Reference
    Dewey Decimal Classification   Not for loan المكتبة المركزبة الجديدة - جامعة القاهرة قاعة المكتبات المهداة - الدور الرابع 15.02.2026 175109   413 S5681 1958-1973 v.6 Ref J.U. 01000100175109006 15.02.2026 15.02.2026 Reference
    Dewey Decimal Classification   Not for loan المكتبة المركزبة الجديدة - جامعة القاهرة قاعة المكتبات المهداة - الدور الرابع 15.02.2026 175109   413 S5681 1958-1973 v.7 Ref J.U. 01000100175109007 15.02.2026 15.02.2026 Reference
Cairo University Libraries Portal Implemented & Customized by: Eng. M. Mohamady Contacts: new-lib@cl.cu.edu.eg | cnul@cl.cu.edu.eg
CUCL logo CNUL logo
© All rights reserved — Cairo University Libraries
CUCL logo
Implemented & Customized by: Eng. M. Mohamady Contact: new-lib@cl.cu.edu.eg © All rights reserved — New Central Library
CNUL logo
Implemented & Customized by: Eng. M. Mohamady Contact: cnul@cl.cu.edu.eg © All rights reserved — Cairo National University Library